ბათუმის შოთა რუსთაველის სახელმწიფო უნივერსიტეტის ბიბლიოთეკა

Земля на ладони (ბიბ.ჩანაწერი № 46340)

000 -LEADER
fixed length control field 00511nam a2200205Ia 4500
001 - CONTROL NUMBER
control field 13176
003 - CONTROL NUMBER IDENTIFIER
control field GE_BSU
008 - FIXED-LENGTH DATA ELEMENTS--GENERAL INFORMATION
fixed length control field 181216s||||||||xx |||||||||||||| ||und||
040 ## - CATALOGING SOURCE
Transcribing agency GE_BSU
080 ## - UNIVERSAL DECIMAL CLASSIFICATION NUMBER
Universal Decimal Classification number 631.4
100 ## - MAIN ENTRY--PERSONAL NAME
Personal name Брук,М.С.
245 ## - TITLE STATEMENT
Title Земля на ладони
245 ## - TITLE STATEMENT
Statement of responsibility, etc. Ред.О.П.Лисицына
260 ## - PUBLICATION, DISTRIBUTION, ETC.
Place of publication, distribution, etc. Москва
260 ## - PUBLICATION, DISTRIBUTION, ETC.
Name of publisher, distributor, etc. Агропромиздат
260 ## - PUBLICATION, DISTRIBUTION, ETC.
Date of publication, distribution, etc. 1986
300 ## - PHYSICAL DESCRIPTION
Extent 176стр.илл.20см.
653 ## - INDEX TERM--UNCONTROLLED
Uncontrolled term Земля на ладони
942 ## - ADDED ENTRY ELEMENTS (KOHA)
Koha item type წიგნი
ეგზემპლარები
Withdrawn status Lost status Damaged status Not for loan Date acquired Barcode Date last seen Price effective from Koha item type
        2018-12-17 21059 2018-12-17 2018-12-17 წიგნი
        2018-12-17 21060 2018-12-17 2018-12-17 წიგნი